<?xml version="1.0" encoding="UTF-8"?><?xml-stylesheet type="text/xsl" href="static/style.xsl"?><OAI-PMH xmlns="http://www.openarchives.org/OAI/2.0/" xmlns:xsi="http://www.w3.org/2001/XMLSchema-instance" xsi:schemaLocation="http://www.openarchives.org/OAI/2.0/ http://www.openarchives.org/OAI/2.0/OAI-PMH.xsd"><responseDate>2026-05-11T22:21:02Z</responseDate><request verb="GetRecord" identifier="oai:riubu.ubu.es:10259/11596" metadataPrefix="marc">https://riubu.ubu.es/oai/request</request><GetRecord><record><header><identifier>oai:riubu.ubu.es:10259/11596</identifier><datestamp>2026-05-09T00:05:50Z</datestamp><setSpec>com_10259.4_2551</setSpec><setSpec>com_10259_5086</setSpec><setSpec>com_10259_2604</setSpec><setSpec>col_10259.4_2552</setSpec></header><metadata><record xmlns="http://www.loc.gov/MARC21/slim" xmlns:doc="http://www.lyncode.com/xoai" xmlns:xsi="http://www.w3.org/2001/XMLSchema-instance" xmlns:dcterms="http://purl.org/dc/terms/" xsi:schemaLocation="http://www.loc.gov/MARC21/slim http://www.loc.gov/standards/marcxml/schema/MARC21slim.xsd">
<leader>00925njm 22002777a 4500</leader>
<datafield tag="042" ind1=" " ind2=" ">
<subfield code="a">dc</subfield>
</datafield>
<datafield tag="720" ind1=" " ind2=" ">
<subfield code="a">Salazar Fernández, Azahara</subfield>
<subfield code="e">author</subfield>
</datafield>
<datafield tag="720" ind1=" " ind2=" ">
<subfield code="a">Carretero Díaz, José Miguel</subfield>
<subfield code="e">author</subfield>
</datafield>
<datafield tag="720" ind1=" " ind2=" ">
<subfield code="a">Rodríguez, Laura</subfield>
<subfield code="e">author</subfield>
</datafield>
<datafield tag="720" ind1=" " ind2=" ">
<subfield code="a">García González, Rebeca</subfield>
<subfield code="e">author</subfield>
</datafield>
<datafield tag="260" ind1=" " ind2=" ">
<subfield code="c">2026-02</subfield>
</datafield>
<datafield tag="520" ind1=" " ind2=" ">
<subfield code="a">This study investigates ontogenetic changes in human scapular morphology using three-dimensional geometric morphometrics with whole-bone and region-specific analyses. The aim is to evaluate whether the scapula follows a regular developmental pattern and whether its functionally distinct components, the scapular spine (SS) and glenoid fossa (SGF), exhibit divergent growth trajectories indicative of modular development. This approach assesses interactions between global and local morphological change and explores the influence of size, biomechanics, and ossification timing on scapular development. We analyzed 3D surface scans of 127 scapulae from non-adult and adult individuals from the medieval San Pablo Collection, Spain, and the documented Lisbon Collection, Portugal. Seven ontogenetic groups were defined using dental and chronological age. Landmark and semi landmark configurations were generated for the entire scapula, the scapular spine, and the glenoid fossa. Shape and form variation were examined using Generalized Procrustes Analysis and Principal Component Analysis. Across all regions, PC1 captured the main axis of ontogenetic variation, separating age groups in both shape and form space. Whole-scapula analyses revealed a gradual developmental pattern, whereas regional analyses highlighted distinct trajectories. The scapular spine showed progressive curvature and torsion, likely reflecting muscular loading, while the glenoid fossa displayed more constrained changes linked to joint stabilization and ossification timing. These findings support a modular model of scapular growth, with regions responding to intrinsic developmental processes and extrinsic biomechanical influences. Integrating regional and whole-bone analyses reveals developmental plasticity not detectable through global approaches alone, with implications for forensic, clinical, paleoanthropological, and bioarchaeological research.</subfield>
</datafield>
<datafield tag="024" ind2=" " ind1="8">
<subfield code="a">1932-8486</subfield>
</datafield>
<datafield tag="024" ind2=" " ind1="8">
<subfield code="a">https://hdl.handle.net/10259/11596</subfield>
</datafield>
<datafield tag="024" ind2=" " ind1="8">
<subfield code="a">10.1002/ar.70156</subfield>
</datafield>
<datafield tag="024" ind2=" " ind1="8">
<subfield code="a">1932-8494</subfield>
</datafield>
<datafield ind1=" " ind2=" " tag="653">
<subfield code="a">Glenoid cavity</subfield>
</datafield>
<datafield ind1=" " ind2=" " tag="653">
<subfield code="a">Modularity</subfield>
</datafield>
<datafield ind1=" " ind2=" " tag="653">
<subfield code="a">Musculoskeletal growth</subfield>
</datafield>
<datafield ind1=" " ind2=" " tag="653">
<subfield code="a">Ontogeny</subfield>
</datafield>
<datafield ind1=" " ind2=" " tag="653">
<subfield code="a">Scapular spine</subfield>
</datafield>
<datafield tag="245" ind1="0" ind2="0">
<subfield code="a">Integrating whole‐bone and regional analyses to understand human scapular growth</subfield>
</datafield>
</record></metadata></record></GetRecord></OAI-PMH>